000
00308nam a22001097a 4500
008
230323b |||||||| |||| 00| 0 eng d
040
_a
National Science Library
_c
National Science Library
245
_a
Paritantra
260
_a
New Delhi:
_b
Wiley Eastern Limited,
_c
1993
310
_a
Half-yearly
942
_c
CR
999
_c
13076
_d
13076